Vista normal
Vista MARC
Entrada Personal Name
Número de registros utilizados en: 2
001 - CONTROL NUMBER
- control field: 526
003 - CONTROL NUMBER IDENTIFIER
- control field: OSt
005 - DATE AND TIME OF LATEST TRANSACTION
- control field: 20230323201235.0
008 - FIXED-LENGTH DATA ELEMENTS
- fixed length control field: 230323|| aca||aabn | a|a d
040 ## - CATALOGING SOURCE
- Original cataloging agency: OSt
- Transcribing agency: OSt
100 ## - HEADING--PERSONAL NAME
- Personal name: Campos Pinzón, Juan Carlos
670 ## - SOURCE DATA FOUND
- Source citation: Work cat.: (OSt)0: León Martínez, Guillermo, 523, Control integrado de la ortezia de los cítricos basados en la mezcla de melaza con jabón /